| 000 | 01044cam a2200301 i 4500 | ||
|---|---|---|---|
| 001 | 4811664 | ||
| 003 | TR-AnTOB | ||
| 005 | 20260106150214.0 | ||
| 007 | ta | ||
| 008 | 881209s1986 su 000 0 eng | ||
| 010 | _a 88209702 | ||
| 040 |
_aDLC _beng _erda _cDLC _dDLC _dTR-AnTOB |
||
| 041 | _aeng | ||
| 050 | 1 | 4 |
_aHG5713.A3 _bS36 1986 |
| 090 |
_aTOBBK HG5713.A3 _bS36 1986 |
||
| 245 | 0 | 0 |
_aScopes and policies of private industrial investment in the new stage / _cprepared by Economic and Research Department. |
| 264 | 1 |
_aEastern Province, Dammam, Saudi Arabia : _bChamber of Commerce and Industry, _c1986. |
|
| 300 |
_a79 pages ; _c24 cm |
||
| 336 |
_atext _btxt _2rdacontent |
||
| 337 |
_aunmediated _bn _2rdamedia |
||
| 338 |
_avolume _bnc _2rdacarrier |
||
| 650 | 0 |
_aInvestments, Foreign _zSaudi Arabia _9135497 |
|
| 650 | 0 |
_aIndustrial development projects _9118765 |
|
| 710 | 1 |
_aSaudi Arabia. _bEconomic and Research Department _9151613 |
|
| 942 |
_2z _cBK |
||
| 999 |
_c200441220 _d59432 |
||